| 000 | 00567nam a2200181Ia 4500 | ||
|---|---|---|---|
| 001 | 61494 | ||
| 008 | 141120s9999 xx 000 0 und d | ||
| 020 | _a9789400756656 | ||
| 040 | _cPK-LaUMT | ||
| 082 |
_a 307.1 _bURB- |
||
| 100 | _aBoone, Christopher G. | ||
| 245 |
_aUrbanization and sustainability _blinking urban ecology, environmental justice and global evironmental change _cBoone, Christopher G.|Fragkias, Michail |
||
| 260 |
_aNew York,USA: _bSharpe Professional, _c2013 |
||
| 300 | _a201 p. | ||
| 546 | _aEN | ||
| 700 | _aFragkias, Michail | ||
| 942 | _cBK | ||
| 999 |
_c63076 _d63076 |
||